000 00378nam a2200145Ia 4500
008 231217s9999 xx 000 0 und d
041 _aEnglish
082 _a671.252 HIN;1 R
100 _aHinman, C W.
245 0 _aDie engineering layouts and formulas
260 _c1943
_bMacgraw-hill
_aNew York
300 _axviii, 497
650 _aDie,layouts,formulas
942 _cAA
999 _c181972
_d181972